| 000 | 00348cam a22001331 4500 | ||
|---|---|---|---|
| 040 | _cDLC | ||
| 082 | 0 | 0 | _a574 UNI 1952 A060 Or. |
| 100 | 1 | _aDice, Lee R. | |
| 245 | 1 | 0 | _aNatural communities. |
| 260 |
_aAnn Arbor, _bUniversity of Michigan Press, _c1952. |
||
| 300 |
_ax, 547 p. _billus., maps. _c26 cm. |
||
| 650 | 0 | _aBiotic communities. | |
| 942 | _cEK | ||
| 999 |
_c17209 _d17209 |
||